Statistics for Countries that have Never Participated in Miss Universe

Click here to take the quiz!

General Stats

  • This quiz has been taken 146 times
    (108 since last reset)
  • The average score is 38 of 68

Answer Stats

Country% Correct
Yemen
78%
Afghanistan
77%
Bhutan
75%
Oman
73%
Saudi Arabia
70%
Tajikistan
70%
Turkmenistan
70%
United Arab Emirates
70%
Qatar
68%
Algeria
66%
Chad
66%
Uzbekistan
63%
Vanuatu
63%
Andorra
62%
Guinea
62%
Palau
62%
Togo
62%
Vatican City
62%
Brunei
61%
East Timor
61%
Nauru
61%
Somalia
61%
Syria
61%
Tuvalu
61%
Central African Republic
59%
Kiribati
59%
Kuwait
59%
Mali
59%
Republic of the Congo
59%
Tonga
59%
Burundi
58%
Comoros
58%
Pakistan
58%
Samoa
58%
Solomon islands
58%
South Sudan
58%
Sudan
58%
Bahrain
57%
Djibouti
57%
Rwanda
57%
Benin
56%
Eritrea
56%
Libya
56%
Guinea-Bissau
54%
Niger
54%
San Marino
54%
Mauritania
53%
Monaco
53%
Sao Tome and Principe
53%
Equatorial Guinea
52%
Liechtenstein
52%
Maldives
51%
Marshall islands
51%
Uganda
51%
Azerbaijan
49%
Mozambique
49%
Bangladesh
48%
Burkina Faso
48%
Cape Verde
48%
Malawi
48%
Belarus
44%
Cameroon
44%
Saint Vincent and the Grenadines
41%
Bosnia and Herzegovina
33%
Moldova
29%
North Macedonia
25%
Botswana
24%
Estonia
19%

Score Distribution

Percentile by Number Answered

Percent of People with Each Score

Your Score History

You have not taken this quiz since the last reset